Комментарий к Кодексу законов о труде Российской Федерации: (с изменениями и дополнениями на 1 сентября 1996 г.)

Bibliografiska uppgifter
Sammanfattning:Исключено из фонда НТБ ТПУ
Språk:ryska
Publicerad: Москва, Вердикт, 1996
Materialtyp: Bok
KOHA link:https://koha.lib.tpu.ru/cgi-bin/koha/opac-detail.pl?biblionumber=3464

MARC

LEADER 00000nam0a2200000 4500
001 3464
005 20231030174555.0
010 |a 5871430139 
035 |a (RuTPU)RU\TPU\book\3483 
035 |a BOOK00003495 
090 |a 3464 
100 |a 20011209d1996 m a0rusy50 ca 
101 0 |a rus 
102 |a RU 
105 |a y n 000zy 
200 1 |a Комментарий к Кодексу законов о труде Российской Федерации  |e (с изменениями и дополнениями на 1 сентября 1996 г.) 
210 |a Москва  |c Вердикт  |d 1996 
215 |a 368 с. 
333 |a Исключено из фонда НТБ ТПУ 
801 0 |a RU  |b 63413507  |c 20011209  |g PSBO 
801 2 |a RU  |b 63413507  |c 20170324  |g PSBO 
942 |c BK